000 00936cad a22002175a 4500
001 E149893
008 100512s2010 xxk f 000 0 eng d
020 _a1903496543
035 _a(Sirsi) u149893
041 0 _aeng
110 2 _aRoyal Academy of Engineering
_91610
245 0 0 _aGenerating the future
_bUK energy systems fit for 2050
_h[electronic resource]
260 _aLondon
_bRAE
_c2010
520 _aDiscusses four possible energy scenarios that could enable the UK to meet the target set out in The Climate Change Act to reduce greenhouse gas emissions by at least 80% by 2050.
521 _aAdvanced
590 _aKA NTK
651 4 _aUnited Kingdom
_y
690 _aENVIRONMENTAL AND LAND CONSULTANCY-ENERGY-ENERGY USE-ENERGY EFFICIENCY
856 4 0 _uhttps://www.raeng.org.uk/news/publications/list/reports/Generating_the_future_report.pdf
_zView the report free of charge (PDF file) at www.raeng.org.uk
942 _n0
999 _c110671
_d110671